000 00422nam a22001577a 4500
005 20250819120646.0
008 250819b |||||||| |||| 00| 0 eng d
082 _a880.1
_bRAS-T
100 _aDr Abdul Rasheed syal
245 _aRamooz-e-Takhleeq /
260 _apakistan;
_bilmi book center;
_c2020.
300 _axiv, 304 p. :
_bill;
_c24 cm.
500 _ainclude index.
650 _aUrdu Litreature
999 _c37017
_d37017